Giornalisti italiani - Statistics

Statistiche generali
  • Questo quiz è stato fatto 67 volte
  • Il punteggio medio è 27 su 62
Statistiche sulle risposte
con Immagini Risposta % Corretto
Bruno Vespa
94%
Enrico Mentana
94%
Maurizio Costanzo
91%
Roberto Saviano
87%
Bianca Berlinguer
80%
Lilli Gruber
76%
Vittorio Feltri
76%
Nadia Toffa
72%
Emilio Fede
70%
Marco Travaglio
69%
Pier Paolo Pasolini
69%
Oriana Fallaci
67%
Francesca Fagnani
65%
Massimo Giletti
65%
Giuseppe Cruciani
61%
Michele Santoro
61%
Giovanni Floris
59%
Alberto Matano
57%
Corrado Augias
56%
Paolo Mieli
54%
Selvaggia Luccarelli
54%
David Parenzo
50%
Mario Giordano
50%
Sigfrido Ranucci
50%
Alessandro Sallusti
48%
Paolo Del Debbio
48%
Enzo Biagi
44%
Barbara Palombelli
43%
Gad Lerner
43%
Giuliano Ferrara
43%
Indro Montanelli
43%
Daria Bignardi
41%
Daniele Capezzone
39%
Milena Gabanelli
39%
Nicola Porro
39%
Aldo Cazzullo
37%
Beppe Severgnini
35%
Andrea Scanzi
33%
Corrado Formigli
31%
Massimo Giannini
31%
Massimo Gramellini
31%
Maurizio Belpietro
31%
Myrta Merlino
31%
Peter Gomez
30%
Federico Rampini
28%
Gianluigi Nuzzi
28%
Gianni Minà
28%
Gianluigi Paragone
26%
Saverio Tommasi
26%
Luca Sommi
24%
Eugenio Scalfari
22%
Antonio Padellaro
20%
Marco Damilano
19%
Rula Jebreal
19%
Concita De Gregorio
17%
Sandro Ruotolo
13%
Monica Maggioni
11%
Walter Tobagi
9%
Emiliano Fittipaldi
7%
Mino Pecorelli
7%
Franco Bechis
4%
Lina Palmierini
2%
Nessun quiz corrispondente trovato
Distribuzione punteggi
Percentuale di utenti per punteggio
Percentile per numero di risposta
I tuoi punteggi nel tempo
Non hai fatto questo quiz